[Event "British ch-KO 2015"]
[Site "London ENG"]
[Date "2015.12.01"]
[Round "1.1"]
[White "Howell, David W L"]
[Black "Zhou, Yang-Fan"]
[Result "1-0"]
[WhiteTitle "GM"]
[BlackTitle "IM"]
[WhiteElo "2693"]
[BlackElo "2455"]
[WhiteFideId "410608"]
[BlackFideId "468584"]
[EventDate "2015.12.01"]

1. d4 Nf6 2. Nf3 b6 3. c4 Bb7 4. Nc3 Ne4 5. Nxe4 Bxe4 6. e3 e6 7. a3 c5 8. b3
Be7 9. Bb2 Bf6 10. Bd3 Bxf3 11. Qxf3 Nc6 12. Be4 Rc8 13. Rd1 Na5 14. O-O Nxb3
15. Bb7 Rc7 16. Ba6 O-O 17. Rd3 Na5 18. Bc3 Nxc4 19. Bxc4 cxd4 20. Bb4 Rxc4 21.
Bxf8 Kxf8 22. Rfd1 d5 23. exd4 b5 24. g3 Qb6 25. Qe3 a5 26. Kg2 g6 27. h4 h5 28.
Qd2 Kg7 29. Qe3 a4 30. R1d2 b4 31. axb4 Qxb4 32. Rd1 Qb6 33. R1d2 Rb4 34. Rd1
Kg8 35. R1d2 Rc4 36. Rd1 Qb2 37. Qf4 Bg7 38. Rf3 Qb7 39. Qd6 Qc7 40. Qxc7 Rxc7
41. Ra3 Rc4 42. Rda1 Bxd4 43. R1a2 Bc5 44. Rxa4 Rc3 45. Ra8+ Kg7 46. Rc8 d4 47.
Rc7 Kf6 48. Ra4 d3 49. Rf4+ Ke5 50. Rfxf7 Rc2 51. Rf3 Bd4 52. Rd7 Rc3 53. Rf4
Rc4 54. Kf3 Rb4 55. Re4+ Kf5 56. Rf7+ Bf6 57. Rxb4 1-0

[Event "British ch-KO 2015"]
[Site "London ENG"]
[Date "2015.12.01"]
[Round "1.1"]
[White "Fernandez, Daniel Howard"]
[Black "McShane, Luke J"]
[Result "0-1"]
[WhiteTitle "IM"]
[BlackTitle "GM"]
[WhiteElo "2476"]
[BlackElo "2687"]
[WhiteFideId "5801605"]
[BlackFideId "404853"]
[EventDate "2015.12.01"]

1. c4 e5 2. Nc3 Nf6 3. Nf3 Nc6 4. g3 Bc5 5. Bg2 d6 6. O-O O-O 7. e3 Bb6 8. h3
Be6 9. b3 h6 10. d4 exd4 11. exd4 Ne7 12. Na4 d5 13. Ne5 c6 14. Nxb6 axb6 15.
Bb2 Nd7 16. Qc2 Re8 17. g4 f6 18. Nxd7 Qxd7 19. Rfe1 Bf7 20. a4 h5 21. gxh5 Bxh5
22. Qd3 Ng6 23. cxd5 Nf4 24. Rxe8+ Rxe8 25. dxc6 bxc6 26. Qc4+ Bf7 27. Qxc6 Qf5
28. Ba3 Nxh3+ 29. Bxh3 Qxh3 30. Bd6 Qh5 31. Qh1 Qf5 32. Qc6 Rc8 33. Qg2 Bd5 34.
Qg3 Qh5 35. Qh2 Qg5+ 36. Qg3 Rc1+ 37. Rxc1 Qxc1+ 38. Kh2 Qh1# 0-1

[Event "British ch-KO 2015"]
[Site "London ENG"]
[Date "2015.12.01"]
[Round "1.1"]
[White "Pert, Nicholas"]
[Black "Hawkins, Jonathan"]
[Result "1/2-1/2"]
[WhiteTitle "GM"]
[BlackTitle "GM"]
[WhiteElo "2569"]
[BlackElo "2563"]
[WhiteFideId "403989"]
[BlackFideId "412686"]
[EventDate "2015.12.01"]

1. d4 d5 2. c4 e6 3. Nc3 Nf6 4. Nf3 Be7 5. Bf4 O-O 6. e3 Nbd7 7. Be2 dxc4 8. O-O
a6 9. a4 c5 10. d5 exd5 11. Nxd5 Nxd5 12. Qxd5 Nf6 13. Qe5 Ng4 14. Qc3 Be6 15.
Bxc4 Bf6 16. Qc2 Bxc4 17. Qxc4 Qe7 18. Rad1 Rfd8 19. h3 Ne5 20. Nxe5 Bxe5 21.
Bxe5 Qxe5 22. b4 cxb4 23. Qxb4 b5 24. Rxd8+ Rxd8 25. Qa5 Qe8 26. axb5 1/2-1/2

[Event "British ch-KO 2015"]
[Site "London ENG"]
[Date "2015.12.01"]
[Round "1.1"]
[White "Jones, Gawain C B"]
[Black "Rowson, Jonathan"]
[Result "1/2-1/2"]
[WhiteTitle "GM"]
[BlackTitle "GM"]
[WhiteElo "2615"]
[BlackElo "2569"]
[WhiteFideId "409561"]
[BlackFideId "2400561"]
[EventDate "2015.12.01"]

1. c4 c6 2. d4 d5 3. Nc3 Nf6 4. e3 a6 5. Nf3 b5 6. c5 g6 7. Ne5 Bg7 8. Bd3 Nfd7
9. f4 Nxe5 10. fxe5 f6 11. exf6 Bxf6 12. Qc2 O-O 13. Bd2 e5 14. dxe5 Bxe5 15.
O-O-O Ra7 16. Ne2 Bg4 17. h3 Bxe2 18. Bxe2 Rf2 19. Bf3 Rf7 20. h4 Nd7 21. h5 g5
22. e4 d4 23. Kb1 Qe7 24. h6 Nxc5 25. Bxg5 Rxc2 26. Bxe7 d3 27. Bxc5 Rxb2+ 28.
Kc1 Rc2+ 29. Kb1 Rb2+ 30. Kc1 Rc2+ 1/2-1/2

[Event "British ch-KO 2015"]
[Site "London ENG"]
[Date "2015.12.01"]
[Round "1.2"]
[White "Zhou, Yang-Fan"]
[Black "Howell, David W L"]
[Result "1/2-1/2"]
[WhiteTitle "IM"]
[BlackTitle "GM"]
[WhiteElo "2455"]
[BlackElo "2693"]
[WhiteFideId "468584"]
[BlackFideId "410608"]
[EventDate "2015.12.01"]

1. e4 e5 2. Nc3 Nf6 3. g3 d5 4. exd5 Nxd5 5. Bg2 Nxc3 6. bxc3 Nc6 7. Nf3 Bd6 8.
O-O O-O 9. Rb1 Rb8 10. d3 h6 11. Nd2 Be6 12. c4 Qd7 13. Bb2 b5 14. cxb5 Rxb5 15.
Nb3 Bh3 16. Bxh3 Qxh3 17. Qf3 Qd7 18. c4 Rbb8 19. Rfd1 Rfe8 20. Qd5 Nb4 21. Qa5
Qf5 22. d4 Nd3 23. Qd2 Nxb2 24. Rxb2 exd4 25. Nxd4 Qe4 26. Rxb8 Rxb8 27. Nb5
Qxc4 28. Nxd6 cxd6 29. Qxd6 Rc8 30. Qd2 1/2-1/2

[Event "British ch-KO 2015"]
[Site "London ENG"]
[Date "2015.12.01"]
[Round "1.2"]
[Board "2"]
[White "McShane, Luke J"]
[Black "Fernandez, Daniel Howard"]
[Result "1-0"]
[WhiteTitle "GM"]
[BlackTitle "IM"]
[WhiteElo "2687"]
[BlackElo "2476"]
[WhiteFideId "404853"]
[BlackFideId "5801605"]
[EventDate "2015.12.01"]

1. e4 c6 2. Nf3 d5 3. Nc3 Bg4 4. h3 Bxf3 5. Qxf3 e6 6. Qg3 Nf6 7. d3 b5 8. a3 g6
9. Be2 Bg7 10. O-O O-O 11. f4 Nbd7 12. Bf3 a5 13. Kh1 b4 14. Nd1 bxa3 15. Rxa3
Ne8 16. Qe1 Nd6 17. Ne3 Nb5 18. Ra2 a4 19. Bd2 Qb6 20. Bd1 Rfe8 21. Ng4 f5 22.
Nh2 fxe4 23. dxe4 e5 24. f5 gxf5 25. exf5 Nd6 26. c3 Qb5 27. Bg5 Ne4 28. Bh4 Bf6
29. Bc2 Qc4 30. Ra1 Kh8 31. Ng4 Bxh4 32. Qxh4 Nef6 33. Bd3 Qc5 34. Nxf6 Qe7 35.
g4 Qxf6 36. g5 Qd8 37. f6 e4 38. g6 Nxf6 39. Rxf6 Ra7 40. Be2 Re6 41. Raf1 Rxf6
42. Rxf6 a3 43. bxa3 1-0

[Event "British ch-KO 2015"]
[Site "London ENG"]
[Date "2015.12.01"]
[Round "1.2"]
[Board "3"]
[White "Hawkins, Jonathan"]
[Black "Pert, Nicholas"]
[Result "1/2-1/2"]
[WhiteTitle "GM"]
[BlackTitle "GM"]
[WhiteElo "2563"]
[BlackElo "2569"]
[WhiteFideId "412686"]
[BlackFideId "403989"]
[EventDate "2015.12.01"]

1. Nf3 d5 2. c4 d4 3. g3 Nc6 4. Bg2 e5 5. d3 Bb4+ 6. Bd2 a5 7. O-O Nge7 8. Na3
Bf5 9. Nc2 Bxd2 10. Qxd2 h6 11. Nh4 Be6 12. f4 exf4 13. Qxf4 Qd7 14. Bxc6 Nxc6
15. Nf3 Rd8 16. Ne5 Qd6 17. Nxc6 bxc6 18. Qxd6 Rxd6 19. c5 Rd5 20. Rf4 g5 21.
Re4 Rxc5 22. Nxd4 Kd7 23. Nxe6 fxe6 24. Kf2 Rb8 25. b3 Rb4 26. Ke3 Rxe4+ 27.
Kxe4 Rc2 28. Kf3 h5 29. h3 c5 30. Ke3 Kd6 31. Kf3 Kd5 32. Ke3 Kd6 33. Kf3 Kd5
34. Ke3 Kd6 35. Kf3 1/2-1/2

[Event "British ch-KO 2015"]
[Site "London ENG"]
[Date "2015.12.01"]
[Round "1.2"]
[Board "4"]
[White "Rowson, Jonathan"]
[Black "Jones, Gawain C B"]
[Result "0-1"]
[WhiteTitle "GM"]
[BlackTitle "GM"]
[WhiteElo "2569"]
[BlackElo "2615"]
[WhiteFideId "2400561"]
[BlackFideId "409561"]
[EventDate "2015.12.01"]

1. d4 Nf6 2. c4 g6 3. Nc3 Bg7 4. e4 O-O 5. Nf3 d6 6. Be2 e5 7. d5 Na6 8. Bg5 h6
9. Bh4 g5 10. Bg3 Nxe4 11. Nxe4 f5 12. Nc3 f4 13. Nd2 Nc5 14. Nde4 Nxe4 15. Nxe4
fxg3 16. hxg3 Bf5 17. Bd3 g4 18. Qd2 Qe8 19. O-O Qg6 20. Rfe1 Rf7 21. Rad1 Raf8
22. Re2 h5 23. c5 b6 24. cxd6 cxd6 25. Qb4 Rd8 26. Rc2 Bf8 27. Rc6 Rh7 28. Qd2
Be7 29. Qc2 Rf7 30. Rc7 Rdf8 31. Rxa7 Qh6 32. Qc6 Bxe4 33. Bxe4 Rxf2 34. Rxe7
Qe3 35. Kh2 h4 36. gxh4 Qxe4 37. Rg1 Qf4+ 38. Kh1 Qg3 39. Qc3 Qxh4+ 40. Qh3 gxh3
41. gxh3+ Kh8 0-1

[Event "British ch-KO 2015"]
[Site "London ENG"]
[Date "2015.12.01"]
[Round "1.3"]
[White "Pert, Nicholas"]
[Black "Hawkins, Jonathan"]
[Result "0-1"]
[WhiteTitle "GM"]
[BlackTitle "GM"]
[WhiteElo "2569"]
[BlackElo "2563"]
[WhiteFideId "403989"]
[BlackFideId "412686"]
[EventDate "2015.12.01"]

1. d4 d5 2. c4 e6 3. Nc3 Be7 4. cxd5 exd5 5. Bf4 c6 6. e3 Bf5 7. Bd3 Bxd3 8.
Qxd3 Nf6 9. Nf3 Nbd7 10. h3 O-O 11. O-O Re8 12. Rab1 a5 13. a3 a4 14. Bh2 Nb6
15. Ne5 Qc8 16. Rbe1 Qe6 17. f4 Bd6 18. g4 c5 19. Nb5 c4 20. Qc2 Ne4 21. f5 Qh6
22. Qg2 Rad8 23. Nxd6 Rxd6 24. Nf3 Rc6 25. g5 Qh5 26. Ne5 Rd6 27. Bf4 Nc8 28.
Ng4 Nxg5 29. Bxd6 Nxh3+ 30. Kh1 Nf2+ 31. Kg1 Nxg4 32. Bg3 Re4 33. Rf4 Nd6 34.
Qf3 h6 35. Kg2 Rxf4 36. Qxf4 Nxf5 37. e4 Nxg3 38. Qxg3 Nf6 39. exd5 Qxd5+ 40.
Qf3 Qb5 41. Re2 h5 42. Rd2 Qg5+ 0-1

[Event "British ch-KO 2015"]
[Site "London ENG"]
[Date "2015.12.01"]
[Round "1.4"]
[White "Hawkins, Jonathan"]
[Black "Pert, Nicholas"]
[Result "0-1"]
[WhiteTitle "GM"]
[BlackTitle "GM"]
[WhiteElo "2563"]
[BlackElo "2569"]
[WhiteFideId "412686"]
[BlackFideId "403989"]
[EventDate "2015.12.01"]

1. Nf3 d5 2. c4 d4 3. g3 Nc6 4. Bg2 e5 5. O-O e4 6. Ne1 h5 7. Bxe4 Bh3 8. Qb3
Qc8 9. Qb5 Ne7 10. Ng2 Qd7 11. Qxb7 Rb8 12. Qa6 f5 13. Bf3 d3 14. Re1 Nd4 15.
Nf4 Bg4 16. Qxa7 Rd8 17. Bxg4 hxg4 18. Nxd3 Qd6 19. Nc3 Qh6 20. Qa4+ c6 21. h4
g5 22. Nb4 gxh4 23. d3 Qh7 24. Ncd5 Kf7 25. Bf4 hxg3 26. fxg3 cxd5 27. Kf2 Qh2+
28. Ke3 dxc4 29. Qa6 Rh6 30. Qxc4+ Re6+ 31. Kd2 Nf3+ 32. Kc2 Rc8 33. Bc7 Nxe1+
34. Rxe1 Qg2 35. Kb3 Bg7 36. d4 Bxd4 37. Qxd4 Rxc7 38. Qf4 Rb7 39. a3 Qe4 40.
Qf1 Qd5+ 41. Kc2 Rxb4 0-1

[Event "British ch-KO 2015"]
[Site "London ENG"]
[Date "2015.12.02"]
[Round "2.1"]
[White "Pert, Nicholas"]
[Black "McShane, Luke J"]
[Result "1/2-1/2"]
[WhiteTitle "GM"]
[BlackTitle "GM"]
[WhiteElo "2569"]
[BlackElo "2687"]
[WhiteFideId "403989"]
[BlackFideId "404853"]
[EventDate "2015.12.01"]

1. d4 Nf6 2. Nf3 g6 3. g3 Bg7 4. Bg2 O-O 5. O-O d6 6. Nc3 Nbd7 7. a4 e5 8. dxe5
dxe5 9. a5 a6 10. Qd3 Re8 11. Qc4 h6 12. Rd1 Rb8 13. Nh4 b5 14. axb6 cxb6 15.
Nxg6 b5 16. Qb3 Qc7 17. Nh4 Bf8 18. Be3 Nb6 19. Bxb6 Rxb6 20. Nd5 Nxd5 21. Bxd5
Rf6 22. e4 Bc5 23. Rd2 Bh3 24. c3 Qc8 25. Qd1 Kh8 26. b4 Bb6 27. Rc1 Rg8 28. c4
bxc4 29. Rxc4 Qd7 30. Rdc2 Qd8 31. Qc1 Kh7 32. Rc6 Rg5 33. Qe1 Bd7 34. Rxf6 Qxf6
35. Qe2 Bg4 36. Qd2 Bd7 37. Qd3 Rg8 38. Qf3 Kg7 39. Nf5+ Kh7 40. Qh5 Rg5 41.
Qxf7+ Qxf7 42. Bxf7 Bxf5 43. exf5 Rxf5 44. Bc4 Rf3 45. Ra2 Kg7 46. Kg2 Rc3 47.
Bd5 Rd3 48. Bc4 Rc3 49. Be6 Bd4 50. Rxa6 Rc2 51. Ra2 Rc6 52. Bd5 Rd6 53. Be4 Kf6
54. b5 Ke7 55. Rc2 Rb6 56. Bc6 Rb8 57. f4 exf4 58. gxf4 Rg8+ 59. Kf3 Rg1 60.
Re2+ Kf6 61. Rd2 Bc5 62. Rc2 Rf1+ 63. Kg4 Be3 64. Rc4 Rb1 65. Kf3 Bg1 66. Rc2
Rb3+ 67. Kg4 h5+ 68. Kxh5 Kf5 69. h4 Kxf4 70. Rc1 Rg3 71. Bd5 Ke5 72. Ba2 Rg2
73. Bb3 Be3 74. Rc6 Rg7 75. Bc2 Rb7 76. Bd3 Rd7 77. Bg6 Rd5 78. Bf7 Rxb5 79. Kg6
Rb6 80. Rxb6 Bxb6 1/2-1/2

[Event "British ch-KO 2015"]
[Site "London ENG"]
[Date "2015.12.02"]
[Round "2.2"]
[White "Jones, Gawain C B"]
[Black "Howell, David W L"]
[Result "1-0"]
[WhiteTitle "GM"]
[BlackTitle "GM"]
[WhiteElo "2615"]
[BlackElo "2693"]
[WhiteFideId "409561"]
[BlackFideId "410608"]
[EventDate "2015.12.01"]

1. c4 c5 2. Nf3 Nf6 3. Nc3 d5 4. cxd5 Nxd5 5. g3 Nc6 6. Bg2 g6 7. O-O Bg7 8. Qa4
O-O 9. Qc4 Nxc3 10. dxc3 Qb6 11. Rd1 Bf5 12. b3 Na5 13. Qh4 Bxc3 14. Bd2 Bxd2
15. Rxd2 Qf6 16. Rc1 Rad8 17. Qxf6 exf6 18. Rxc5 Nc6 19. Kf1 Be4 20. Ke1 Rxd2
21. Kxd2 Rd8+ 22. Kc1 Kf8 23. h4 h5 24. Rc3 Rd6 25. Bh3 Nd4 26. Rc8+ Ke7 27.
Nxd4 Rxd4 28. Rc7+ Ke8 29. Rc8+ Ke7 30. Ra8 a6 31. Rc8 Rd6 32. Rc7+ Ke8 33. b4
f5 34. Bf1 Bd5 35. e3 Kd8 36. Rc2 Ke7 37. Be2 Rb6 38. a3 Kd7 39. Kb2 Kd6 40. Rc8
Kd7 41. Rc5 Rd6 42. Rc1 Rb6 43. Rd1 Ke6 44. Rd4 Ke5 45. Kc3 Rc6+ 46. Kd2 Rc7 47.
Bd3 Rc6 48. a4 Rc7 49. a5 Rc6 50. Bc2 Rc7 51. Ba4 b6 52. axb6 Rb7 53. Bd1 Rxb6
54. Be2 Ke6 55. Kc3 Rc6+ 56. Kb2 Ke5 57. Rd2 Be4 58. Kb3 Bd5+ 59. Ka4 Bc4 60.
Bf3 Rb6 61. Rd4 Bf1 62. Rd5+ Ke6 63. Ka5 Rb8 64. Rc5 Rd8 65. Rc1 Bb5 66. Rc2 Rd3
67. Bb7 Ra3+ 68. Kb6 Rb3 69. Kc5 Ra3 70. Ra2 Rc3+ 71. Kb6 Rb3 72. Bxa6 Bxa6 73.
Rxa6 Kd5 74. b5 Rb2 75. Ra4 Rxf2 76. Rd4+ Ke6 77. Kc5 Rc2+ 78. Rc4 Re2 79. b6
Kd7 80. Kb4 Rb2+ 81. Ka5 Rb3 82. Rc7+ Kd6 83. Rxf7 Rxe3 84. b7 Rb3 85. Ka6 Kc6
86. Rf6+ Kc7 87. Rf7+ Kc6 88. Ka7 Ra3+ 89. Kb8 Re3 90. Rf6+ Kb5 91. Rxg6 Rc3 92.
Rg5 Kb6 93. Rxf5 Rxg3 94. Rf6+ Kb5 95. Rh6 Rf3 96. Rxh5+ Kb6 97. Rh6+ Kb5 98.
Rd6 Kc5 99. Kc7 1-0

[Event "British ch-KO 2015"]
[Site "London ENG"]
[Date "2015.12.02"]
[Round "2.2"]
[White "McShane, Luke J"]
[Black "Pert, Nicholas"]
[Result "1/2-1/2"]
[WhiteTitle "GM"]
[BlackTitle "GM"]
[WhiteElo "2687"]
[BlackElo "2569"]
[WhiteFideId "404853"]
[BlackFideId "403989"]
[EventDate "2015.12.01"]

1. e4 c5 2. Nf3 Nc6 3. Bb5 d6 4. O-O Bd7 5. Re1 Nf6 6. c3 a6 7. Bf1 Bg4 8. h3
Bxf3 9. Qxf3 e6 10. d3 Be7 11. Nd2 O-O 12. Qe2 d5 13. Nf3 b5 14. g3 Rc8 15. e5
Nd7 16. h4 b4 17. c4 dxc4 18. dxc4 Qb6 19. Qe4 Nd4 20. Bd3 f5 21. Qf4 Nxf3+ 22.
Qxf3 Nb8 23. b3 Nc6 24. Bb2 Rcd8 25. Rad1 Nd4 26. Bxd4 Rxd4 27. Bf1 Rfd8 28.
Rxd4 Rxd4 29. Rd1 Qd8 30. Rxd4 Qxd4 31. Qe2 Qg4 32. Qxg4 fxg4 33. h5 g6 34. hxg6
h5 35. f4 gxf3 36. Bh3 Kg7 37. Bxe6 Kxg6 38. Kf2 h4 39. g4 Kg5 40. Kxf3 Bd8 41.
Bc8 Bc7 42. e6 Bd6 43. Bxa6 h3 44. Bc8 Kh4 45. Bd7 Kg5 46. e7 Bxe7 47. Kg3 Bf6
48. Kxh3 Bd4 49. Kg3 Be5+ 50. Kf3 Bd4 51. Ke4 Bf2 52. Kd5 Be3 53. Kc6 Bf2 54.
Kb5 Be3 55. Ka4 Bc1 56. Bf5 Bb2 57. Kb5 Bd4 58. Kb6 Be3 59. Ka5 Bd4 60. Ka4 Bb2
61. Kb5 Bd4 62. Kc6 Be3 63. Kd5 Bf2 64. Ke4 Bg1 65. Kd3 Bf2 66. Kc2 Be3 67. Kb2
Bd4+ 68. Kb1 Bc3 69. Kc1 Bd4 70. Kc2 Be3 71. Kb1 Bd2 72. Be6 Bc3 73. Kc2 Be1 74.
Kd3 Kf4 75. Ke2 Bc3 76. Kd3 Be1 77. Bd7 Bf2 78. Kc2 Be3 79. Bf5 1/2-1/2

[Event "British ch-KO 2015"]
[Site "London ENG"]
[Date "2015.12.02"]
[Round "2.3"]
[White "Howell, David W L"]
[Black "Jones, Gawain C B"]
[Result "1/2-1/2"]
[WhiteTitle "GM"]
[BlackTitle "GM"]
[WhiteElo "2693"]
[BlackElo "2615"]
[WhiteFideId "410608"]
[BlackFideId "409561"]
[EventDate "2015.12.01"]

1. d4 Nf6 2. Nf3 g6 3. Bg5 Bg7 4. Nbd2 d6 5. e4 O-O 6. c3 Qe8 7. Bc4 e5 8. dxe5
dxe5 9. O-O Nc6 10. a4 Be6 11. Bb5 Nh5 12. a5 a6 13. Bc4 Nf4 14. Bxf4 exf4 15.
Qb3 Bxc4 16. Qxc4 Qe7 17. Nb3 Rfe8 18. Rfe1 Ne5 19. Nxe5 Bxe5 20. Nd4 Rad8 21.
Nf3 Qd6 22. Qb3 Qc6 23. Ra4 Bd6 24. e5 Qb5 25. Qxb5 axb5 26. Rd4 Bc5 27. Rxf4
Rd3 28. Kf1 h6 29. h4 Kg7 30. Rfe4 Re6 31. Ke2 Rd5 32. Kf1 Kf8 33. g4 Ke7 34. b4
Ba7 35. c4 bxc4 36. Rxc4 c6 37. Kg2 Kd7 38. Rf4 Ke7 39. Rc4 Kd7 40. Ree4 Bb8 41.
Rc5 Rxc5 42. bxc5 Bc7 43. Rb4 Kc8 44. Rf4 Re7 45. h5 gxh5 46. gxh5 Bxe5 47. Rg4
Bc3 48. Ra4 Rd7 49. a6 bxa6 50. Rxa6 Kb7 51. Rb6+ Kc7 52. Rb3 Bf6 53. Ra3 Kb7
54. Rb3+ Kc8 55. Rb6 Kc7 56. Ra6 Bc3 57. Ra3 Bb2 58. Ra2 Bf6 59. Ra7+ Kd8 60.
Ra8+ Kc7 1/2-1/2

[Event "British ch-KO 2015"]
[Site "London ENG"]
[Date "2015.12.02"]
[Round "2.3"]
[White "McShane, Luke J"]
[Black "Pert, Nicholas"]
[Result "0-1"]
[WhiteTitle "GM"]
[BlackTitle "GM"]
[WhiteElo "2687"]
[BlackElo "2569"]
[WhiteFideId "404853"]
[BlackFideId "403989"]
[EventDate "2015.12.01"]

1. e4 c5 2. Nf3 Nc6 3. Bb5 d6 4. O-O Bd7 5. Re1 Nf6 6. c3 a6 7. Bf1 e5 8. h3 g5
9. Nxg5 Rg8 10. d4 h6 11. Nf3 Bxh3 12. dxe5 dxe5 13. Qxd8+ Rxd8 14. Nbd2 Bg4 15.
Nh4 Nh5 16. Nc4 Be6 17. Ne3 Nf4 18. g3 Nd3 19. Bxd3 Rxd3 20. Kg2 Be7 21. Nhf5
Bg5 22. Ng4 h5 23. Bxg5 hxg4 24. Be3 c4 25. Rh1 Ne7 26. Nxe7 Kxe7 27. Rh5 f6 28.
Bc5+ Kf7 29. Rh7+ Rg7 30. Rh8 Bd7 31. Re1 Bc6 32. Kg1 Rg8 33. Rh7+ Rg7 34. Rh8
Rd2 35. Ba3 Ke6 36. Rh4 a5 37. Bf8 Rgd7 38. Rxg4 Rxb2 39. a3 Rc2 40. Bc5 Rxc3
41. f4 exf4 42. gxf4 Rcd3 43. e5 Rd1 44. Kf2 Rxe1 45. Kxe1 Kf5 0-1

[Event "British ch-KO 2015"]
[Site "London ENG"]
[Date "2015.12.02"]
[Round "2.4"]
[White "Jones, Gawain C B"]
[Black "Howell, David W L"]
[Result "1/2-1/2"]
[WhiteTitle "GM"]
[BlackTitle "GM"]
[WhiteElo "2615"]
[BlackElo "2693"]
[WhiteFideId "409561"]
[BlackFideId "410608"]
[EventDate "2015.12.01"]

1. c4 c5 2. Nf3 Nf6 3. Nc3 d5 4. cxd5 Nxd5 5. g3 Nc6 6. Bg2 g6 7. O-O Bg7 8. Qa4
O-O 9. Qc4 Nxc3 10. dxc3 Qb6 11. Qh4 Rd8 12. Re1 Qc7 13. Be3 Ne5 14. Nxe5 Bxe5
15. Qc4 Bd6 16. Bd5 e6 17. Bf3 Bd7 18. Bg5 Re8 19. Rad1 Bc6 20. Bxc6 Qxc6 21.
Rd2 Be7 22. Qh4 Qc7 23. Red1 Bxg5 24. Qxg5 Qe7 25. Qe5 Rad8 26. Rxd8 Rxd8 27.
Rxd8+ Qxd8 28. Qxc5 Qd1+ 29. Kg2 b6 30. Qc8+ Kg7 31. Qc4 Qc2 32. b4 e5 33. a3 h5
34. Qd3 Qb2 35. c4 Qc1 36. Qd5 Qxa3 37. Qxe5+ Kh7 38. Qe7 Kg7 39. h4 a5 40. Qe5+
Kh7 41. c5 Qxb4 42. c6 Qc4 43. Qc7 a4 44. Qxb6 a3 45. c7 a2 46. Qa7 a1=Q 47.
Qxa1 Qxc7 48. Qf6 Qc4 49. Qe5 Kg8 50. e4 Qe2 51. Qf4 Qc4 52. Qe5 Qe2 53. Qd5 Kg7
54. Qe5+ 1/2-1/2

[Event "British ch-KO 2015"]
[Site "London ENG"]
[Date "2015.12.04"]
[Round "3.1"]
[White "Pert, Nicholas"]
[Black "Howell, David W L"]
[Result "1/2-1/2"]
[WhiteTitle "GM"]
[BlackTitle "GM"]
[WhiteElo "2569"]
[BlackElo "2693"]
[WhiteFideId "403989"]
[BlackFideId "410608"]
[EventDate "2015.12.01"]

1. d4 Nf6 2. Nf3 g6 3. g3 Bg7 4. Bg2 d5 5. c4 dxc4 6. Na3 c3 7. bxc3 O-O 8. O-O
c5 9. Re1 Bf5 10. Ng5 Bc8 11. Rb1 h6 12. Nf3 Nc6 13. h3 Bf5 14. Rxb7 Be4 15. Rb5 1/2-1/2

[Event "British ch-KO 2015"]
[Site "London ENG"]
[Date "2015.12.05"]
[Round "3.2"]
[White "Howell, David W L"]
[Black "Pert, Nicholas"]
[Result "1-0"]
[WhiteTitle "GM"]
[BlackTitle "GM"]
[WhiteElo "2693"]
[BlackElo "2569"]
[WhiteFideId "410608"]
[BlackFideId "403989"]
[EventDate "2015.12.01"]

1. c4 e5 2. Nc3 Nc6 3. g3 g6 4. Bg2 d6 5. d3 Bg7 6. e4 Nd4 7. Nce2 c5 8. Nxd4
cxd4 9. h4 h5 10. Nh3 Bh6 11. f4 Nf6 12. Nf2 Ng4 13. Nxg4 Bxg4 14. Bf3 Qd7 15.
Bxg4 Qxg4 16. Qxg4 hxg4 17. O-O Ke7 18. a4 Rag8 19. Kg2 exf4 20. Bxf4 Bxf4 21.
Rxf4 g5 22. hxg5 Rxg5 23. Rh1 Rxh1 24. Kxh1 a5 25. Kg2 Ke6 26. Rf1 Rh5 27. Rf4
Rg5 28. Kf1 f6 29. Ke1 Rh5 30. Rxg4 Rh2 31. Rf4 Rxb2 32. Rf5 Rg2 33. Rd5 Rxg3
34. Rxd4 Rg5 35. Kd2 b6 36. Kc3 Rg1 37. Rd5 Rb1 38. Kd4 Rb4 39. Rb5 Rxa4 40.
Rxb6 Rb4 41. Ra6 Ra4 42. Rb6 Rb4 43. Rc6 a4 44. Ra6 Kd7 45. Kd5 Kc7 46. Rxd6 Rb8
47. Kc5 a3 48. Rxf6 Kb7 49. Rf2 Ka6 50. Ra2 Rb3 51. d4 Ka5 52. d5 Ka4 53. d6 1-0

[Event "British ch-KO 2015"]
[Site "London ENG"]
[Date "2015.12.06"]
[Round "3.3"]
[White "Pert, Nicholas"]
[Black "Howell, David W L"]
[Result "1/2-1/2"]
[WhiteTitle "GM"]
[BlackTitle "GM"]
[WhiteElo "2569"]
[BlackElo "2693"]
[WhiteFideId "403989"]
[BlackFideId "410608"]
[EventDate "2015.12.01"]

1. d4 Nf6 2. Nf3 g6 3. c4 Bg7 4. g3 c6 5. Bg2 d5 6. Qb3 O-O 7. O-O Qb6 8. Nc3
Rd8 9. Na4 Qxb3 10. axb3 Na6 11. Bf4 Be6 12. Rfc1 Ne8 13. h3 dxc4 14. bxc4 Bxd4
15. Nxd4 Rxd4 16. b3 Rdd8 17. Be3 Kf8 18. Nc3 Nec7 19. Ne4 f6 20. Kf1 Bf7 21.
Nd2 Nb4 22. Ne4 Nba6 23. Rab1 Nb4 24. Nxf6 exf6 25. Bc5+ Ke8 26. Bxb4 Rd7 27.
Rc3 Rad8 28. Ke1 Ne6 29. Re3 Bg8 30. Ba5 Rc8 31. Rd1 Rxd1+ 32. Kxd1 Kd7 33. Bc3
Rf8 34. Kc2 g5 35. Rd3+ Ke7 36. Bb2 Rd8 37. Ba3+ Ke8 38. Kc3 Rxd3+ 39. exd3 Bf7
40. b4 Kd7 41. b5 cxb5 42. Bxb7 bxc4 43. dxc4 h5 44. Be4 Nd8 45. Bc5 Be6 46. h4
gxh4 47. gxh4 Nc6 48. Bxc6+ Kxc6 49. Bxa7 Bg4 50. Bd4 f5 51. Be3 Kd6 52. Kd4 Be2
53. c5+ Ke6 54. c6 Kd6 55. c7 Kxc7 56. Ke5 Kd7 57. Kxf5 Ke7 58. Kg6 Bf3 59. Bc5+
Ke6 60. Bb4 Ke5 61. Kg5 Ke6 62. Kg6 Ke5 63. Bd2 Ke6 64. Bc3 Ke7 65. Bb4+ Ke6 66.
Ba3 Ke5 67. Kg5 Ke6 68. Bb2 Kf7 69. Kf4 Bd1 70. Ke4 Ke6 71. Kf4 Kf7 72. Kf5 Bf3
73. Ke5 Ke7 74. Ba3+ Kf7 75. Bb4 Bd1 76. f4 Be2 77. f5 Bd1 78. Bc3 Be2 1/2-1/2

[Event "British ch-KO 2015"]
[Site "London ENG"]
[Date "2015.12.07"]
[Round "3.4"]
[White "Howell, David W L"]
[Black "Pert, Nicholas"]
[Result "1/2-1/2"]
[WhiteTitle "GM"]
[BlackTitle "GM"]
[WhiteElo "2693"]
[BlackElo "2569"]
[WhiteFideId "410608"]
[BlackFideId "403989"]
[EventDate "2015.12.01"]

1. c4 e5 2. Nc3 Nc6 3. g3 f5 4. Nf3 Nf6 5. d4 e4 6. Nh4 g6 7. Bg5 Bg7 8. Qd2 Ne7
9. d5 h6 10. Be3 Ng4 11. Bd4 Ne5 12. b3 d6 13. f4 exf3 14. exf3 c5 15. Be3 1/2-1/2

[Event "British ch-KO 2015"]
[Site "London ENG"]
[Date "2015.12.08"]
[Round "3.5"]
[White "Pert, Nicholas"]
[Black "Howell, David W L"]
[Result "1/2-1/2"]
[WhiteTitle "GM"]
[BlackTitle "GM"]
[WhiteElo "2569"]
[BlackElo "2693"]
[WhiteFideId "403989"]
[BlackFideId "410608"]
[EventDate "2015.12.01"]

1. d4 Nf6 2. Nf3 g6 3. c4 Bg7 4. Nc3 d5 5. h4 c6 6. cxd5 cxd5 7. Bf4 Nc6 8. e3
O-O 9. Ne5 Nxe5 10. Bxe5 Ne4 11. Bxg7 Nxc3 12. bxc3 Kxg7 13. Bd3 h5 14. Qb3 Qd6
15. O-O Rb8 16. Rfc1 Bd7 17. Qb4 Qxb4 18. cxb4 Rfc8 19. Rc5 Rxc5 20. bxc5 b5 21.
a3 Bc6 22. Kf1 f5 23. Ke2 Kf6 24. Kd2 a5 25. Kc3 e5 26. f4 e4 27. Be2 1/2-1/2